00475 a2200169 4500001000700000020000600007040001100013100003900024240004000063245003500103362000900138440001600147697001400163942000700177952010200184999001900286167616 a  cMagnum aLopes, Eliane Marta Teixeira (Org)10a500 Anos de educacao no brasillpor10a500 Anos de educacao no brasil0 a1899 1aAutêntica aPEDAGOGIA cBK 00104070a32.5b32.5d2024-06-08l0oLI.06122pMAG00012050r2024-06-08 20:40:15w2024-06-08yBK c167616d167616